000 00872nam a2200253 i 4500
001 21258
003 ES-MaACL
005 20230906152439.0
007 t|
008 021122s1986 sp ||||1| spa d
020 _a84-86514-02-9
080 _a892.7(567) Bayati, Abd-al-Wahhab 1.06
100 1 _aAl-Bayati, Abd al-Wahhab.
_919045
245 1 0 _aMi experiencia poética /
_cAbdel-Wahhab al-Bayati ; prólogo de Pedro Martínez Montávez ; traducción de Carmen Ruiz Bravo.
260 _aMadrid :
_bCantArabia,
_c1986.
300 _a156 p. ;
_c19 cm.
490 1 _aLos mil y un textos ;
_v2
600 1 4 _aAl-Bayati, Abd al-Wahhab.
_919045
700 1 _aRuiz Bravo-Villasante, Carmen,
_d1947-
_9100675
700 1 _aMartínez Montávez, Pedro.
_978252
830 1 _aLos mil y un textos ;
_v2
_9180755
852 4 _aES-MaACL
_jL-11737
999 _c21258
_d21258